000 00552nam a22001697a 4500
003 CEME
005 20210628204039.0
008 210106b xxu||||| |||| 00| 0 eng d
020 _a9783642136801
040 _cceme
082 _a006.42 IMA
100 _aElmoataz, Abderrahim, Lezoray, Olivier, Nouboud, Fathallah
_968432
245 _aImage and signal processing, 4th international conference, icisp 2010 trois-riviers, qc canada, june 30 july 2, 2010 proceedings
260 _aNEW YORK
_bSPRINGER
_c2010
300 _aXVI, 603P
942 _cBK
_2ddc
999 _c576013
_d576013